[Event "ESP-ch U12 rapid"]
[Site "Salobrena"]
[Date "2024.07.14"]
[Round "6"]
[White "Alvarez Lee, Felix"]
[Black "Badia Berthelot, Leo"]
[Result "1-0"]
[WhiteElo "1806"]
[BlackElo "1516"]
[PlyCount "55"]
[EventDate "2024.07.13"]
[EventType "swiss (rapid)"]
[EventRounds "9"]
[EventCountry "ESP"]
[SourceTitle "EXT 2025"]
[Source "ChessBase"]
[SourceDate "2024.10.14"]
[SourceVersion "1"]
[SourceVersionDate "2024.10.14"]
[SourceQuality "1"]

1. d4 d5 2. Nc3 Nf6 3. Bg5 Nc6 4. f3 h6 5. Bxf6 exf6 6. e3 Bd6 7. Bb5 Bd7 8. Nge2 a6 9. Ba4 Qe7 10. Nxd5 Qe6 11. Bb3 Qf5 12. Qd2 a5 13. e4 Qg6 14. Nef4 Qg5 15. 0-0-0 b5 16. a4 Nb4 17. h4 Qg3 18. e5 Bf8 19. Nxc7+ Kd8 20. Nxa8 bxa4 21. Bxf7 g5 22. Ng6 Rh7 23. Qc3 Bc6 24. d5 Bxa8 25. Qe3 Rxf7 26. Qb6+ Ke8 27. Qb8+ Kd7 28. e6# 1-0

[Event "ESP-ch U12 rapid"]
[Site "Salobrena"]
[Date "2024.07.14"]
[Round "9"]
[White "Morales Anadon, Javier"]
[Black "Alvarez Lee, Felix"]
[Result "0-1"]
[WhiteElo "1598"]
[BlackElo "1806"]
[PlyCount "84"]
[EventDate "2024.07.13"]
[EventType "swiss (rapid)"]
[EventRounds "9"]
[EventCountry "ESP"]
[SourceTitle "EXT 2025"]
[Source "ChessBase"]
[SourceDate "2024.10.14"]
[SourceVersion "1"]
[SourceVersionDate "2024.10.14"]
[SourceQuality "1"]

1. e4 e5 2. Nf3 Nc6 3. Bc4 Bc5 4. c3 Nf6 5. d3 a6 6. Be3 Bxe3 7. fxe3 d5 8. exd5 Nxd5 9. Bxd5 Qxd5 10. e4 Qd6 11. 0-0 Be6 12. Ng5 h6 13. Nxe6 Qxe6 14. Qf3 0-0 15. Nd2 Rad8 16. Nb3 b6 17. Rad1 Rfe8 18. Rfe1 a5 19. Qf2 a4 20. Nc1 Qg6 21. Qc2 b5 22. Ne2 Re6 23. Rf1 Qg5 24. Ng3 Ne7 25. d4 exd4 26. cxd4 Qe3+ 27. Qf2 Qxf2+ 28. Rxf2 c5 29. Rfd2 cxd4 30. Rxd4 Rxd4 31. Rxd4 Rc6 32. Rb4 Rc5 33. Kf2 Nc6 34. a3 Nxb4 35. axb4 Rc2+ 36. Ne2 Rxb2 37. Ke3 a3 38. Nc3 a2 39. Nxa2 Rxa2 40. Kd4 Rc2 41. g3 Rc4+ 42. Kd5 Rxb4 0-1

[Event "ESP-ch U12"]
[Site "Salobrena"]
[Date "2024.07.12"]
[Round "7"]
[White "Gonzalez Lopez, Lucas I"]
[Black "Alvarez Lee, Felix"]
[Result "1-0"]
[WhiteElo "1911"]
[BlackElo "1839"]
[PlyCount "89"]
[EventDate "2024.07.08"]
[EventType "swiss"]
[EventRounds "9"]
[EventCountry "ESP"]
[SourceTitle "EXT 2025"]
[Source "ChessBase"]
[SourceDate "2024.10.14"]
[SourceVersion "1"]
[SourceVersionDate "2024.10.14"]
[SourceQuality "1"]

1. d4 d5 2. c4 e6 3. Nc3 Nf6 4. cxd5 exd5 5. Bg5 Be7 6. e3 c6 7. Bd3 Nbd7 8. Qc2 Nh5 9. Bxe7 Qxe7 10. Nge2 g6 11. 0-0 0-0 12. Rab1 a5 13. Rfc1 Ng7 14. Na4 Re8 15. a3 Nf6 16. Nb6 Rb8 17. b4 Bf5 18. Nf4 Ng4 19. Re1 Bxd3 20. Qxd3 Qh4 21. Nh3 Ne6 22. f3 Nh6 23. bxa5 Nf5 24. Nf2 Re7 25. g3 Nxg3 26. hxg3 Qxg3+ 27. Kf1 Rbe8 28. Na4 Qxf3 29. e4 Qxd3+ 30. Nxd3 Nxd4 31. exd5 cxd5 32. Rxe7 Rxe7 33. Nac5 Nc2 34. a4 Ne3+ 35. Kf2 Nc4 36. Rxb7 Re8 37. a6 Ra8 38. a7 Nb6 39. Rb8+ Kg7 40. Rxa8 Nxa8 41. Nd7 h5 42. Nb4 h4 43. Nxd5 h3 44. N7b6 h2 45. Kg2 1-0

[Event "ESP-ch U12"]
[Site "Salobrena"]
[Date "2024.07.10"]
[Round "4"]
[White "Alvarez Lee, Felix"]
[Black "Sanchez Ordas, Eloy"]
[Result "1-0"]
[WhiteElo "1839"]
[BlackElo "1719"]
[PlyCount "99"]
[EventDate "2024.07.08"]
[EventType "swiss"]
[EventRounds "9"]
[EventCountry "ESP"]
[SourceTitle "EXT 2025"]
[Source "ChessBase"]
[SourceDate "2024.10.14"]
[SourceVersion "1"]
[SourceVersionDate "2024.10.14"]
[SourceQuality "1"]

1. d4 d5 2. c4 c6 3. Nf3 Bf5 4. Nc3 h6 5. Qb3 Qc8 6. cxd5 cxd5 7. Nxd5 e6 8. Nc3 Nf6 9. Bf4 Nh5 10. Bg3 Nxg3 11. hxg3 Be7 12. e4 Bh7 13. Be2 Nc6 14. 0-0 0-0 15. Rac1 Qb8 16. Bb5 Na5 17. Qa4 b6 18. Ne5 Qd6 19. a3 f6 20. Nc6 a6 21. Nxe7+ Qxe7 22. Be2 Qd8 23. b4 b5 24. Qxa5 Qxd4 25. Rfd1 Qe5 26. Qb6 Bxe4 27. Nxe4 Qxe4 28. Bf3 Rab8 29. Qxb8 Qf5 30. Qf4 Qg6 31. Rc7 Qg5 32. Qxg5 hxg5 33. Rdd7 Rb8 34. Rxg7+ Kh8 35. Rh7+ Kg8 36. Rcg7+ Kf8 37. Rb7 Kg8 38. Rxb8+ Kxh7 39. Bb7 g4 40. Bxa6 e5 41. Bxb5 e4 42. a4 Kg6 43. a5 f5 44. a6 f4 45. a7 e3 46. a8Q exf2+ 47. Kxf2 fxg3+ 48. Kxg3 Kf5 49. Qd5+ Kf6 50. Rb6+ 1-0

[Event "ESP-ch U12"]
[Site "Salobrena"]
[Date "2024.07.10"]
[Round "5"]
[White "Melchor Martinez, Tristan"]
[Black "Alvarez Lee, Felix"]
[Result "1/2-1/2"]
[WhiteElo "1714"]
[BlackElo "1839"]
[PlyCount "60"]
[EventDate "2024.07.08"]
[EventType "swiss"]
[EventRounds "9"]
[EventCountry "ESP"]
[SourceTitle "EXT 2025"]
[Source "ChessBase"]
[SourceDate "2024.10.14"]
[SourceVersion "1"]
[SourceVersionDate "2024.10.14"]
[SourceQuality "1"]

1. e4 e5 2. Nf3 Nc6 3. Bc4 Bc5 4. 0-0 Nf6 5. d4 Bxd4 6. Nxd4 Nxd4 7. Bg5 d6 8. f4 Be6 9. Na3 Qd7 10. c3 Nc6 11. Bxf6 gxf6 12. f5 Bxc4 13. Nxc4 h5 14. Rf3 0-0-0 15. b4 Rdg8 16. b5 Ne7 17. Qa4 Kb8 18. Rb1 b6 19. Rd3 Rg5 20. Ne3 Rhg8 21. c4 Qc8 22. Qc2 Qb7 23. Nd5 Nxd5 24. cxd5 a5 25. Rd2 Rg4 26. Rc1 h4 27. a4 Rf4 28. Rf2 Rfg4 29. Re2 Rf4 30. Rf2 Rfg4 1/2-1/2

[Event "ESP-ch U12 rapid"]
[Site "Salobrena"]
[Date "2023.07.16"]
[Round "6"]
[White "Alvarez Lee, Felix"]
[Black "Morales Anadon, Javier"]
[Result "0-1"]
[WhiteElo "1553"]
[BlackElo "1244"]
[PlyCount "96"]
[EventDate "2023.07.15"]
[EventType "swiss (rapid)"]
[EventRounds "9"]
[EventCountry "ESP"]
[SourceTitle "EXT 2024"]
[Source "ChessBase"]
[SourceDate "2023.10.10"]
[SourceVersion "1"]
[SourceVersionDate "2023.10.10"]
[SourceQuality "1"]

1. d4 Nf6 2. Nf3 d5 3. e3 Bg4 4. Bd3 e6 5. b3 Bd6 6. c4 c6 7. Bb2 Nbd7 8. Nbd2 e5 9. dxe5 Bxe5 10. Bxe5 Nxe5 11. Be2 Bxf3 12. Nxf3 Qe7 13. Nd4 0-0 14. 0-0 Rad8 15. Qc2 Rfe8 16. Rad1 Ng6 17. Bf3 Qe5 18. cxd5 Nxd5 19. Bxd5 Rxd5 20. Nf3 Qd6 21. Rxd5 Qxd5 22. Rd1 Qe6 23. h3 h6 24. Qd2 Qe7 25. Qd7 Qxd7 26. Rxd7 Re7 27. Rxe7 Nxe7 28. Kf1 f6 29. Ke2 Kf7 30. Kd3 Ke6 31. g4 Kd5 32. b4 b6 33. e4+ Kd6 34. Nd4 c5 35. bxc5+ bxc5 36. Nb3 Nc6 37. f4 Nb4+ 38. Kc4 Nxa2 39. Nxc5 Nc1 40. Nd3 Nxd3 41. Kxd3 a6 42. Kc4 Kc6 43. h4 a5 44. h5 a4 45. e5 fxe5 46. fxe5 a3 47. Kb3 Kd5 48. Kxa3 Kxe5 0-1

[Event "ESP-ch U12 rapid"]
[Site "Salobrena"]
[Date "2023.07.16"]
[Round "7"]
[White "Ruiz Lao, Eric"]
[Black "Alvarez Lee, Felix"]
[Result "1-0"]
[WhiteElo "1336"]
[BlackElo "1553"]
[PlyCount "76"]
[EventDate "2023.07.15"]
[EventType "swiss (rapid)"]
[EventRounds "9"]
[EventCountry "ESP"]
[SourceTitle "EXT 2024"]
[Source "ChessBase"]
[SourceDate "2023.10.10"]
[SourceVersion "1"]
[SourceVersionDate "2023.10.10"]
[SourceQuality "1"]

1. e4 e5 2. Nf3 Nc6 3. Bc4 Bc5 4. c3 Nf6 5. d3 a6 6. Bb3 Ba7 7. Nbd2 d5 8. exd5 Nxd5 9. Nf1 Be6 10. Ng3 Qd7 11. d4 exd4 12. cxd4 0-0-0 13. 0-0 Nf6 14. Be3 Bxb3 15. axb3 Nxd4 16. Nxd4 Bxd4 17. Bxd4 Qxd4 18. Qc2 Qd2 19. Qc5 Nd7 20. Qc4 Ne5 21. Qc5 Nd3 22. Qa7 c6 23. Qb6 Qb4 24. Qxb4 Nxb4 25. Nf5 g6 26. Ne3 Kc7 27. Rad1 Rxd1 28. Rxd1 Rd8 29. Rxd8 Kxd8 30. Kf1 Ke7 31. Ke2 Ke6 32. Nc4 Nc2 33. Kd2 Nd4 34. Kc3 Nb5+ 35. Kd3 Kd5 36. Nd2 Nd4 37. f3 f5 38. g3 b5 1-0

[Event "ESP-ch U12"]
[Site "Salobrena"]
[Date "2023.07.12"]
[Round "4"]
[White "Mengual Brotons, Jesus"]
[Black "Alvarez Lee, Felix"]
[Result "0-1"]
[WhiteElo "1283"]
[BlackElo "1497"]
[PlyCount "112"]
[EventDate "2023.07.10"]
[EventType "swiss"]
[EventRounds "9"]
[EventCountry "ESP"]
[SourceTitle "EXT 2024"]
[Source "ChessBase"]
[SourceDate "2023.10.10"]
[SourceVersion "1"]
[SourceVersionDate "2023.10.10"]
[SourceQuality "1"]

1. d4 Nf6 2. Bf4 d5 3. e3 c5 4. Nf3 Nc6 5. Nbd2 Qb6 6. dxc5 Qxb2 7. Rb1 Qc3 8. Bb5 e6 9. 0-0 Be7 10. Nb3 Bd7 11. Nbd4 0-0 12. Ne5 Nxe5 13. Bxe5 Bxb5 14. Nc6 Qxc5 15. Nxe7+ Qxe7 16. Rxb5 Rac8 17. Qd4 b6 18. Rc1 Rc4 19. Qb2 Rfc8 20. h3 h6 21. Kf1 Qf8 22. Bxf6 gxf6 23. a3 Rc3 24. Rb3 Qc5 25. Rxc3 Qxc3 26. Qa2 Qc4+ 27. Qxc4 Rxc4 28. c3 Ra4 29. Ra1 a5 30. Ke2 b5 31. Rb1 Rxa3 32. Rxb5 a4 33. Kd3 Ra2 34. Ra5 Rxf2 35. Rxa4 Rxg2 36. h4 Kg7 37. e4 Rg3+ 38. Kd2 Rg4 39. Ke3 f5 40. h5 Rxe4+ 41. Rxe4 fxe4 42. Kf4 f5 43. Kg3 e5 44. Kf2 f4 45. Ke2 f3+ 46. Kf2 d4 47. c4 d3 48. Ke1 e3 49. c5 d2+ 50. Kd1 f2 51. Ke2 d1Q+ 52. Kxd1 f1Q+ 53. Kc2 e2 54. c6 e1Q 55. c7 Qc4+ 56. Kb2 Qec1# 0-1

[Event "ESP-ch U12"]
[Site "Salobrena"]
[Date "2023.07.11"]
[Round "3"]
[White "Alvarez Lee, Felix"]
[Black "Quintas Otero, Lois"]
[Result "1-0"]
[WhiteElo "1497"]
[BlackElo "1271"]
[PlyCount "65"]
[EventDate "2023.07.10"]
[EventType "swiss"]
[EventRounds "9"]
[EventCountry "ESP"]
[SourceTitle "EXT 2024"]
[Source "ChessBase"]
[SourceDate "2023.10.10"]
[SourceVersion "1"]
[SourceVersionDate "2023.10.10"]
[SourceQuality "1"]

1. d4 Nf6 2. c4 g6 3. Nc3 Bg7 4. e4 d6 5. Nf3 0-0 6. Be2 e5 7. 0-0 Nc6 8. d5 Ne7 9. Nd2 a5 10. Rb1 Nd7 11. a3 f5 12. b4 Kh8 13. Nb3 axb4 14. axb4 b6 15. c5 bxc5 16. bxc5 Nxc5 17. Nxc5 dxc5 18. Be3 fxe4 19. Bxc5 Bf5 20. g4 Bc8 21. Nxe4 Rf4 22. d6 cxd6 23. Nxd6 Be6 24. Be3 Rf8 25. Bb6 Qb8 26. Bc5 Qc7 27. Qc1 Rf4 28. Rb7 Qd8 29. Rd1 Qf8 30. Nf5 Qc8 31. Rxe7 gxf5 32. Be3 Qxc1 33. Rxc1 1-0

[Event "ESP-ch U10 Rapid"]
[Site "Salobrena"]
[Date "2022.07.10"]
[Round "8"]
[White "Alvarez Lee, Felix"]
[Black "Yanston, Kseniia"]
[Result "1-0"]
[WhiteElo "1568"]
[BlackElo "1169"]
[PlyCount "123"]
[EventDate "2022.07.09"]
[EventType "swiss (rapid)"]
[EventRounds "9"]
[EventCountry "ESP"]
[SourceTitle "EXT 2023"]
[Source "ChessBase"]
[SourceDate "2022.10.05"]
[SourceVersion "1"]
[SourceVersionDate "2022.10.05"]
[SourceQuality "1"]

1. d4 d5 2. c4 c6 3. Nf3 Nf6 4. Nc3 e6 5. e3 Nbd7 6. Qc2 Be7 7. Bd3 dxc4 8. Bxc4 b5 9. Bd3 Bb7 10. 0-0 0-0 11. e4 h6 12. e5 Nd5 13. Nxd5 cxd5 14. Bxb5 Rc8 15. Qd1 Nb6 16. Be3 a6 17. Bd3 Qd7 18. Qd2 h5 19. Bg5 Rc7 20. Bxe7 Qxe7 21. Rac1 Rfc8 22. Rxc7 Rxc7 23. Rc1 Rxc1+ 24. Qxc1 Kh8 25. Qg5 Qxg5 26. Nxg5 Kg8 27. b3 a5 28. Be2 g6 29. Nf3 Kg7 30. Nd2 f6 31. f4 a4 32. Kf2 fxe5 33. fxe5 g5 34. Bxh5 Kh6 35. Bg4 Bc8 36. bxa4 Nxa4 37. Nb3 Kg6 38. Ke3 Nc3 39. a3 Na4 40. Nc5 Nxc5 41. dxc5 Bd7 42. Kd4 Kf7 43. h3 Ke7 44. g3 Kf7 45. h4 gxh4 46. gxh4 Kg6 47. c6 Bxc6 48. Bxe6 Kh5 49. Bxd5 Bd7 50. e6 Bxe6 51. Bxe6 Kxh4 52. a4 Kg5 53. a5 Kh4 54. a6 Kh5 55. a7 Kg5 56. a8Q Kf4 57. Qe4+ Kg5 58. Qf5+ Kh6 59. Qg4 Kh7 60. Ke5 Kh6 61. Kf6 Kh7 62. Qg7# 1-0

[Event "ESP-ch U10 Rapid"]
[Site "Salobrena"]
[Date "2022.07.10"]
[Round "5"]
[White "Bru Montoya, Pau"]
[Black "Alvarez Lee, Felix"]
[Result "1-0"]
[WhiteElo "1360"]
[BlackElo "1568"]
[PlyCount "61"]
[EventDate "2022.07.09"]
[EventType "swiss (rapid)"]
[EventRounds "9"]
[EventCountry "ESP"]
[SourceTitle "EXT 2023"]
[Source "ChessBase"]
[SourceDate "2022.10.05"]
[SourceVersion "1"]
[SourceVersionDate "2022.10.05"]
[SourceQuality "1"]

1. e4 e5 2. Nf3 Nc6 3. d4 exd4 4. Bc4 Nf6 5. e5 d5 6. Bb5 Ne4 7. Nxd4 Bd7 8. Bxc6 bxc6 9. Be3 Be7 10. Nd2 Nxd2 11. Qxd2 0-0 12. 0-0 c5 13. Nf3 d4 14. Bf4 Rb8 15. b3 Bc6 16. Kh1 Bxf3 17. gxf3 Qd5 18. Qd3 Rfe8 19. Qe4 Qe6 20. Rg1 Bh4 21. Rg2 Rbd8 22. Rag1 g6 23. Bh6 Qh3 24. Bg5 Bxg5 25. Rxg5 Qe6 26. Qh4 Qc6 27. R1g3 Kh8 28. Rh3 h5 29. Qxh5+ gxh5 30. Rhxh5+ Qh6 31. Rxh6# 1-0

[Event "ESP-ch U10 Rapid"]
[Site "Salobrena"]
[Date "2022.07.10"]
[Round "6"]
[White "Loriente Galiano, Eric"]
[Black "Alvarez Lee, Felix"]
[Result "1/2-1/2"]
[WhiteElo "1020"]
[BlackElo "1568"]
[PlyCount "116"]
[EventDate "2022.07.09"]
[EventType "swiss (rapid)"]
[EventRounds "9"]
[EventCountry "ESP"]
[SourceTitle "EXT 2023"]
[Source "ChessBase"]
[SourceDate "2022.10.05"]
[SourceVersion "1"]
[SourceVersionDate "2022.10.05"]
[SourceQuality "1"]

1. e4 e5 2. Nf3 Nc6 3. d4 exd4 4. Nxd4 Bc5 5. Be3 Bb6 6. Nxc6 bxc6 7. Bxb6 cxb6 8. Nc3 Nf6 9. Bd3 d5 10. exd5 Nxd5 11. Nxd5 Qxd5 12. Qe2+ Be6 13. 0-0 0-0 14. c4 Qg5 15. Qe4 Qg6 16. Qxg6 hxg6 17. b3 c5 18. Be4 Rad8 19. Rad1 Rxd1 20. Rxd1 Re8 21. Bc6 Rc8 22. Bb7 Rb8 23. Bf3 g5 24. h3 Re8 25. g4 f5 26. Kg2 fxg4 27. hxg4 Rf8 28. Bd5 Bxd5+ 29. Rxd5 Re8 30. Rxg5 Re2 31. a3 Ra2 32. b4 cxb4 33. axb4 Ra4 34. Rb5 Ra3 35. c5 bxc5 36. bxc5 a5 37. c6 a4 38. c7 Rc3 39. Ra5 Rxc7 40. Rxa4 Kf7 41. Kf3 Kf6 42. Kf4 Rc6 43. g5+ Ke6 44. Ke4 g6 45. f4 Rd6 46. Rb4 Rd7 47. Rb6+ Kf7 48. Ke5 Re7+ 49. Kd5 Kg7 50. Rf6 Ra7 51. f5 gxf5 52. Rxf5 Ra5+ 53. Ke6 Rxf5 54. Kxf5 Kf7 55. g6+ Kg7 56. Kg5 Kg8 57. Kf6 Kf8 58. g7+ Kg8 1/2-1/2

[Event "ESP-ch U10 Rapid"]
[Site "Salobrena"]
[Date "2022.07.09"]
[Round "2"]
[White "Alvarez Lee, Felix"]
[Black "Manrique Garcia, Daniel"]
[Result "1-0"]
[WhiteElo "1568"]
[BlackElo "1117"]
[PlyCount "101"]
[EventDate "2022.07.09"]
[EventType "swiss (rapid)"]
[EventRounds "9"]
[EventCountry "ESP"]
[SourceTitle "EXT 2023"]
[Source "ChessBase"]
[SourceDate "2022.10.05"]
[SourceVersion "1"]
[SourceVersionDate "2022.10.05"]
[SourceQuality "1"]

1. d4 d5 2. c4 e6 3. Nc3 Nf6 4. Bg5 Bb4 5. Qa4+ Nc6 6. cxd5 Bxc3+ 7. bxc3 exd5 8. e3 Bd7 9. Qd1 h6 10. Bh4 Bg4 11. Bxf6 Bxd1 12. Bxd8 Rxd8 13. Rxd1 0-0 14. Nf3 Rfe8 15. Be2 f5 16. 0-0 g5 17. c4 f4 18. cxd5 Rxd5 19. Bc4 Red8 20. Bxd5+ Rxd5 21. exf4 gxf4 22. Rfe1 Kf7 23. Re2 Nxd4 24. Rxd4 Rxd4 25. Nxd4 c5 26. Nc2 b5 27. f3 a5 28. g3 fxg3 29. hxg3 b4 30. Kf2 a4 31. Re5 b3 32. Rxc5 b2 33. Rb5 Ke6 34. Rxb2 Kf5 35. Ke3 h5 36. Rb4 a3 37. Rf4+ Kg5 38. Rf7 Kg6 39. Ra7 Kg5 40. f4+ Kg4 41. Rg7+ Kf5 42. Nd4+ Kf6 43. Rg5 h4 44. Rf5+ Kg6 45. gxh4 Kh6 46. Rg5 Kh7 47. Ke4 Kh6 48. Kf5 Kh7 49. Kf6 Kh8 50. Kf7 Kh7 51. Rh5# 1-0